| 000 | 00961nam a22003257a 4500 | ||
|---|---|---|---|
| 001 | 4561495 | ||
| 003 | OSt | ||
| 005 | 20210420110720.0 | ||
| 008 | 731213s1973 nyu 000 1 eng | ||
| 010 | _a 73083192 | ||
| 020 | _a0802752853 | ||
| 040 |
_aeng _cDLC _deng _beng |
||
| 041 | _aeng | ||
| 050 | 0 | 0 |
_aPZ4.C6225 _bNo3 _aPR6053.L38 |
| 080 |
_a821.111 _bH-15 |
||
| 082 | 0 | 0 | _a823/.9/14 |
| 100 | 1 | _aHaggard, William. | |
| 245 | 1 | 4 |
_aThe notch on the knife _c[by] William Haggard. |
| 250 | _a1st edition | ||
| 260 |
_aNew York, _bWalker _c[1973] |
||
| 300 |
_a183 p. _c22 cm. |
||
| 365 | _b4.95 usd | ||
| 650 | 0 |
_aGovernment investigators _zGreat Britain _xFiction. |
|
| 650 | 0 |
_aEnglish literature _9247 |
|
| 653 | _aინგლისური ლიტერატურა | ||
| 655 | 7 |
_aDetective and mystery stories. _2gsafd |
|
| 655 | 7 |
_aPolitical fiction. _2lcsh |
|
| 906 |
_a7 _bcbc _corignew _d2 _eopcn _f19 _gy-gencatlg |
||
| 942 |
_2udc _cBK _e1 |
||
| 999 |
_c584 _d584 |
||